| 000 | 01275naa a22002897a 4500 | ||
|---|---|---|---|
| 001 | BR8107038 | ||
| 003 | BR-BrBNA | ||
| 005 | 20240918175048.0 | ||
| 007 | ta | ||
| 008 | 230509b bl.||||| |||| 00| 0 por d | ||
| 040 |
_aBR-BrBNA _bpor _cBiblioteca Nacional de Agricultura |
||
| 041 | _a(Pt) | ||
| 072 |
_aH10 _b0180 _b4020 _b3877 |
||
| 090 | _aH10 BR8107038 | ||
| 100 | 1 | _aSalvadori, J.R. | |
| 111 | 1 |
_a7. Reuniao da Comissao Norte Brasileira de Pesquisa de Trigo _cPonta Grossa, PR (Brazil) _d12-16 Jan 1981 |
|
| 245 | 1 | _aAvaliacao de inseticidas piretroides no controle a Schizaphis graminum (Rondoni, 1852)(Homoptera Aphidiae), em trigo [Triticum spp, inseto, controle quimico] | |
| 260 | 3 |
_aDourados, MS (Brasil): _c1981. |
|
| 500 | _aResultados de pesquisa com trigo obtidos na Unidade de Execucao de Pesquisa de Ambito Estadual de Dourados em 1980 Dourados, MS (Brasil): 1981. p. 134-140 (BR8107038-AM)H10 | ||
| 650 | _aTRIGO | ||
| 650 | _aINSETO | ||
| 650 | _aINSETICIDA | ||
| 650 | _aCONTROLE QUIMICO | ||
| 773 | 0 |
_tResultados de pesquisa com trigo obtidos na Unidade de Execucao de Pesquisa de Ambito Estadual de Dourados em 1980 _wH10 BR8107038 _gDourados, MS (Brasil), 1981. p. 134-140 |
|
| 909 |
_a202404 _bLucia _c55 _dLucia Elande |
||
| 942 |
_cAM _2AGRIS |
||
| 999 |
_c314784 _d314784 |
||